| 000 | 01259nam a2200289 a 4500 | ||
|---|---|---|---|
| 001 | 000037963 | ||
| 005 | 20260325092010.0 | ||
| 008 | 130311s1982 dr 001 0 spa d | ||
| 040 |
_aDO-SdBNP _bspa _cBNPHU |
||
| 082 |
_a347.012 _bA485a |
||
| 100 | 1 |
_aAmaro Guzmán, Raymundo _9656 |
|
| 245 | 1 | 0 |
_aAdministración del poder judicial / _cRaymundo Amaro Guzmán ; colaboración Francisco Elpidio Beras. |
| 260 |
_aSanto Domingo : _bPublicaciones ONAP, _c1982. |
||
| 300 |
_a225 p. ; _c22 cm. |
||
| 490 | 1 |
_aEstudios jurídicos _v14 |
|
| 490 | 1 | _aONAP | |
| 500 | _aIncluye bibliografía y notas al pie de páginas. | ||
| 504 | _aBibliografía: p. 219-225 | ||
| 505 | 0 |
_tAdministración del estado -- _tOrigen y evolución de Poder Judicial -- _tOrganización del Poder Judicial -- _tMinisterio Público -- _tOrgano de enlace entre los poderes ejecutivo -- _tAdministración de personal en la rama judicial -- _tOrgano de administración en la rama judicial. |
|
| 590 | _aInventariado, 2018/LP | ||
| 650 | 0 |
_aPoder judicial _9556 |
|
| 650 | 0 |
_aAdministración de justicia _910083 |
|
| 700 | 1 |
_aBeras, Francisco Elpidio. _ecol. _955843 |
|
| 830 | 0 |
_aEstudios jurídicos ; _n14 _964372 |
|
| 830 |
_aONAP _910860 |
||
| 910 | _aValidado. Control de calidad EMS. | ||
| 999 |
_c37453 _d37453 |
||